A través de los ojos del niño : una propuesta para la nueva sección infantil de la Ciudad de los Niños del Padre Cuéllas /

Guardado en:
Detalles Bibliográficos
Autor principal: Arriola Clemenz, Samuel (autor)
Otros autores: Mendoza Ramírez, Héctor
Formato: Tesis Libro
Idioma:Español
Temas:
Etiquetas: Agrega una etiqueta
Sin etiquetas, Sé el primero en etiquetar este registro!

MARC

LEADER 00000nam^a2200000^a^4500
001 000064832
005 20250521000000.0
009 20260310091117.149
037 |a Acervo ITESO - Biblioteca 
041 |a ESP 
090 |a ARQ. 384 
100 |a Arriola Clemenz, Samuel  |e (autor) 
245 1 0 |a A través de los ojos del niño :  |b una propuesta para la nueva sección infantil de la Ciudad de los Niños del Padre Cuéllas /  |c S. Arriola Clemenz, H. Mendoza Ramírez. 
264 |a Guadalajara, México :  |b edición de autor,  |c 1997 
300 |a 78 p. 
336 |a texto  |b txt  |2 rdacontenido 
337 |a sin mediación  |b n  |2 rdamedio 
338 |a volumen  |b nc  |2 rdasoporte 
502 |a ITESO Tesis de Licenciatura en Arquitectura 
649 |a XX 
650 |a Huérfanos -  |z Guadalajara, Jalisco 
650 |a Diseño Arquitectónico 
650 |a Arquitectura 
700 |a Mendoza Ramírez, Héctor 
910 |a Fondo General 
920 |a Impresos - Tesis del ITESO 
930 |a Colección General 
905 |a 104 
901 |a 0500018661  |b IT2  |c TSS  |u 20250521 
902 |a https://opac.biblio.iteso.mx/vufind/Record/000064832